00962 2200313 4500001002100000005001500021035002000036007000300056008004100059020002100100040002200121082001400143084001600157090002200173100002800195245009800223250003200321300003500353650001600388700004200404850001200446504003400458264003800492336002100530337003000551338002300581999002200604990002200626INLIS00000000087773820230403012919 a0010-0423000038ta230403 2023 yoia g ind d a978-623-4005-011 aYOPDYOGbinderda04223a155.2 a155.2 ALF s aCB-D.11 2023-01770 aAlfi Arifianepengarang10a101 rahasia membaca karakter seseorang /cAlfi Arifian; penyunting, Jemima Jannah Darla Putri aCetakan pertama, Maret 2023 a288 halaman :bgambar ;c19 cm 4aKepribadian0 aJemima Jannah Darla Putriepenyunting aYOPDYOG aBibliografi : halaman 285-28731aBantul :bPsikologi Corner,c2023 2rdacontentateks 2rdamediaatanpa perantara 2rdacarrieravolume aCB-D.11/2023-0177 aCB-D.11/2023-0177